Quizzes
Events
Quiz Creation
Community
Videos
Private Events
Remove Ads
Sign In
Join for FREE
Feedback
Dark Mode
Quiz Categories
Sports
Geography
Music
Movies
Television
Just For Fun
Miscellaneous
History
Literature
Language
Science
Gaming
Entertainment
Religion
Holiday
For Kids
Quiz Lab
Recent
Popular Today
Quiz Kudos Today
Editor Picks
Curator Picks
Quizzes by...
Day
Popularity
Type
Ratings
Length
Year
Community
Subscriptions
Recent Discussions
Orange Saloon
Badges
Playlists
Quests
Create
Leaderboards
Showdown
Live 5
Trivia Bingo
Activity
Puzzle Library
Sporcle Events
Private Events
Virtual Trivia
Globe League
Become a Host
Pub Owners
SporcleCon
Opinionation
Our Games
Videos
Blog
Mobile Apps
Partnerships
Remove Ads and Go Orange
Feedback
Music
Pop Music
The Beatles
Song
Album
Lyrics
Bands
Singers
Artist
Clip
Rock
Rap
Classical
Billboard
Country Music
Kpop
Taylor Swift
Music
Pop Music
The Beatles
Song
Album
Lyrics
Bands
Singers
Artist
Clip
Rock
Rap
Classical
Billboard
Country Music
Kpop
Taylor Swift
Random Quiz
Search Sporcle
×
Curator Pick
Curator Pick
Music
Pop Music
Type in answers that appear in a list
Type in answers that appear in a list
Classic
Best Score? Go Orange.
Miles or Miley? Stats
Can you name the performer of each song as either jazz legend Miles Davis or pop singer-songwriter Miley Cyrus?
By
slipkid
5m
44 Questions
1,037 Plays
1,037 Plays
1,037 Plays
Comments
Comments
Give Quiz Kudos
Give Quiz Kudos
-
- Ratings
hide this ad
More Info
Forced Order
Answers have to be entered in order
Answers have to be entered in order
Wrong Answers
Some wrong answers will appear in red
Some wrong answers will appear in red
Replay
Link that replays current quiz
Next Quiz
Link to next quiz in quiz playlist
You Got
0%
They Got
Avg Score
73%
Avg Friend Score
Upgrade to see
Score Distribution
Jump to the score distribution portion of the page
Score
0/44
Timer
05:00
0
Plays Today
Song
Performer
% Correct
Party in the U.S.A
???
96.2%
G.N.O (Girls Night Out)
???
89.5%
Hoedown Throwdown
???
87.5%
I Fall In Love Too Easily
???
85.4%
Black Satin
???
84.2%
Can't Be Tamed
???
83.1%
Spanish Key
???
82.9%
Boplicity
???
81.2%
He Could Be The One
???
80.7%
‘Round Midnight
???
80%
Time After Time
???
79.8%
The Best Of Both Worlds
???
79.5%
The Climb
???
78.4%
Nobody's Perfect
???
78.2%
Milestones
???
78%
Tutu
???
77.9%
Seven Steps to Heaven
???
77.9%
When I Fall in Love
???
77.5%
Bitches Brew
???
77.4%
Nothing Like You
???
76.3%
See You Again
???
74.8%
Doxy
???
74.7%
Song
Performer
% Correct
Walkin'
???
74.7%
Footprints
???
74.3%
7 Things
???
74.2%
Life's What You Make It
???
74.2%
All of You
???
72.5%
Start All Over
???
72%
Who Owns My Heart
???
72%
If I Were a Bell
???
71.7%
Little Church
???
70.1%
Don't Walk Away
???
68.9%
Butterfly Fly Away
???
68.7%
Breakout
???
66.2%
Gonna Get This
???
65.9%
Fly on the Wall
???
65.3%
So What
???
63.9%
When I Look At You
???
61.6%
The Time Of Our Lives
???
60.9%
I Thought About You
???
60.6%
Don't Lose Your Mind
???
60.2%
I Thought I Lost You
???
60.2%
Open Your Eyes
???
58.1%
Dream
???
53.3%
Quiz Playlist
Details
Report
Send in Message
Add To Playlist
More Info:
You may enter each performer's entire name or just the letter D for Miles Davis or the letter C for Miley Cyrus.
Classic:
Type in answers that appear in a list
Forced Order:
Answers have to be entered in order
Wrong Answers:
Some wrong answers will appear in red
Last Updated: Feb 16, 2017
Curator Pick in
This or That
Quiz Scoreboard
CHALLENGE
Sign Up to Join the Scoreboard
Show All
Scores
Hide
Comments
May contain spoilers
Recently Published
Billboard Blitz: Fleetwood Mac
by CooCooCachoo
Music
15s
Presidents Visiting Landmarks
by Hejman
History
7m
An Introduction to Baseball
by treessimontrees
Sports
5m
More to Explore
Quiz From the Vault
Featured Blog Post
Where Did the Easter Bunny Come From?
hide this ad
You Might Also Like...
Tags
Pop Music Quiz
Song Quiz
This or That Quiz
Cyrus
Davis
Either
Jazz
legend
Miles Davis
Miley
Miley Cyrus
Performer
Today's Top Quizzes in Music
Browse Music
hide this ad
Today's Top Quizzes in Pop Music
Browse Pop Music
Top Contributed Quizzes in Music
1
Taylor Swift All Songs (2024)
2
Guess the Artist- 70s Songs
3
7-to-1: Billboard Hot 100 #1 Hits of 2010s
4
Sorting Albums and Songs
5
Taylor Swift Logic Puzzle
6
KPOP LOGIC QUIZ
7
2010s Album by Cover III
8
One Thing in Common: Music
9
Guess the Taylor Swift song (Mystery Song)
10
Guess The Taylor Swift Lyrics Song #1
Explore More
Trending Topics
Crossword
Anime
NBA
Kpop
Marvel
Disney
Harry Potter
Song
Puzzle
NFL
Soccer
Pokémon
The Office
WWE
Country
hide this ad
More By:
slipkid
Quiz
Plays
Rating
Category
Featured
Created
Simple Math Minefield
866,738
4.20
Science
Oct 6, 2011
Fifty Famous Figures
377,723
4.51
History
Jan 25, 2013
Rhymes with 'Jump'
304,202
4.39
Language
May 26, 2013
Rhymes with 'Sound'
292,056
4.71
Language
Oct 31, 2011
Harry, Hunger or Twilight?
283,831
4.42
Literature
Oct 30, 2011
Go to Creator's Profile
Score Distribution
Quiz Creator Spotlight
slipkid
Follow
Send a Message
Quizzes Created
-
Created Quiz Play Count
-
More By This Creator
Popular Quizzes Today
1
Find the US States - No Outlines Minefield
2
Find the Countries of Europe - No Outlines Minefield
3
The Countries of the World
4
Find the US States
5
US States
6
Popular People in 1961
7
Risky Map Clicking: Biggest States A-Z
8
Movies - When Are They Set?
More Music Quizzes
How'd They Meet? (Music)
Published
Trending Quizzes
Risky Map Clicking: Least Populous States A-Z
1-10 Letter G Words
1-10 Letter F Words
Risky Map Clicking: Next State Alphabetically
Risky Map Clicking: Biggest States A-Z
Recently Updated
Leaping Animals
pecheneg
Reality TV Shows (A-Z)
bhenderson79
Rickey Henderson's Hall of Fame Teammates
pecheneg
Champions League XIs: Arsenal
pecheneg
Quick Pick: Celebrities in WWE's Hall of Fame
aduchscher
A-Z Keypad Blitz II
pecheneg
Multiple Oscar Actors
pecheneg
Mystery Phrase Blitz: Oscar 'Best Actors'
pecheneg
F. Scott Fitzgerald Novels
LTH
Pick 3 Villains
ddd62291
Trending Topics
Crossword
Kpop
Marvel
NBA
Disney
Anime
Harry Potter
The Office
Puzzle
Pokémon
Song
NFL
Country
WWE
Soccer
Your Account Isn't Verified!
In order to create a playlist on Sporcle, you need to verify the email address you used during registration. Go to your
Sporcle Settings
to finish the process.
Report this User
Report this user for behavior that violates our
Community Guidelines
.
Details:
Send Report
Go to the Sporcle.com Mobile Site →
Comments